| 000 | 00352 a2200157 4500 | ||
|---|---|---|---|
| 001 | 149055 | ||
| 040 | _cEscola São Tomás de Aquino | ||
| 100 | _aPORTES, Maxs | ||
| 240 | 1 | 0 |
_aGato, castelo, elefante? _lpor |
| 245 | 1 | 0 | _aGato, castelo, elefante? |
| 300 | _a32 | ||
| 362 | 0 | _a2011 | |
| 440 | 1 | _aRHJ | |
| 697 | _a*LITERATURA INFANTO | ||
| 942 | _cBK | ||
| 999 |
_c149055 _d149055 |
||